| 000 | 01344cab a2200361 4500 | ||
|---|---|---|---|
| 001 | ABS48383 | ||
| 008 | 090401t1993 xxu||||| |||| 00| 0 eng d | ||
| 035 | _a(Sirsi) u66434 | ||
| 041 | _aeng | ||
| 245 | _aFire safety | ||
| 260 | _c1993 | ||
| 350 | _a0 | ||
| 490 |
_aHealth & Safety Information Bulletin _v(208) April 1993, 11-16(6) |
||
| 520 | _aOutlines fire safety legislation; examines the draft regulations withdrawn by the Home Office intended to implement the fire safety requirements of the EC framework and workplace directives (89/391/EEC and 89/654/EEC). The cost of fire is represented graphically. Lists Home Office Guides on fire safety. | ||
| 650 | _aACCESS TO BUILDINGS | ||
| 650 | _aBUILDING PRECAUTIONS 1991 | ||
| 650 | _aCROWN PREMISES | ||
| 650 | _aDESIGINATED | ||
| 650 | _aEC DIRECTIVES | ||
| 650 | _aFACTORIES ACT 1961 | ||
| 650 | _aFIRE CERTIFICATE | ||
| 650 | _aFIRE CERTIFICATES (SPECIAL PREMISES) REGS 1976 | ||
| 650 | _aFIRE PRECAUTIONS (PLACES OF WORK) REGULATIONS 1992 | ||
| 650 | _aFIRE PRECAUTIONS ACT 1971 | ||
| 650 | _aFIRE PRECAUTIONS | ||
| 650 | _aHAZARDOUS MATERIALS | ||
| 650 | _aMEANS OF ESCAPE | ||
| 650 | _aNON-DESIGNATED | ||
| 650 | _aOFFICES SHOPS & RAILWAY PREMISES ACT 1963 | ||
| 690 | _aBUILT ENVIRONMENT-BUILDING STANDARDS | ||
| 942 | _n0 | ||
| 948 | _c04/03/1997 | ||
| 999 |
_c41506 _d41506 |
||